| 000 | 00485nam a22001577a 4500 | ||
|---|---|---|---|
| 008 | 230515b |||||||| |||| 00| 0 eng d | ||
| 040 |
_aNational Science Library _cNational Science Library |
||
| 080 |
_a551.4(1-925.36) _bN0 |
||
| 100 |
_aPande, Ravindra K _98956 |
||
| 245 | _aQuantitative geomorphology of a Himalayan drainage basin | ||
| 260 |
_aAlmora: _bShree Almora Book Depot, _c1990 |
||
| 300 | _a257p. | ||
| 650 | _aGeography | ||
| 653 | _aHimalayan | ||
| 942 |
_2udc _cBK |
||
| 999 |
_c30066 _d30066 |
||